Manual de quiebras (Registro nro. 1564)

Detalles MARC
000 -LEADER
fixed length control field 01063 a2200193 4500
001 - CONTROL NUMBER
control field 27185
005 - DATE AND TIME OF LATEST TRANSACTION
control field 20260407155548.0
008 - FIXED-LENGTH DATA ELEMENTS--GENERAL INFORMATION
fixed length control field 260407a1959 arg spa d
003 - CONTROL NUMBER IDENTIFIER
control field AR-UNSa-BCEJYS
040 ## - CATALOGING SOURCE
Original cataloging agency AR-UNSa-BCEJYS
Language of cataloging spa
Transcribing agency AR-UNSa-BCEJYS
080 ## - UNIVERSAL DECIMAL CLASSIFICATION NUMBER
Universal Decimal Classification number 347.736
Common auxiliary subdivision Quiebra. Insolvencia. Suspensión de pagos. Bancarrota, procedimientos. Derecho Concursal
100 1# - MAIN ENTRY--PERSONAL NAME
Personal name Varangot, Carlos Jorge
245 10 - TITLE STATEMENT
Title Manual de quiebras
264 #1 - PRODUCTION, PUBLICATION, DISTRIBUTION, MANUFACTURE, AND COPYRIGHT NOTICE
Place of production, publication, distribution, manufacture Buenos Aires :
Name of producer, publisher, distributor, manufacturer Abeledo Perrot
Date of production, publication, distribution, manufacture, or copyright notice 1959
300 ## - PHYSICAL DESCRIPTION
Extent 525 p.
Dimensions 23 cm.
505 ## - FORMATTED CONTENTS NOTE
Formatted contents note 1. Noción de quiebra - 2. Estudio de la ley Argentina de quiebras - 3. Convocatoria de acreedores - 4. Concordato - 5. Condiciones de fondo requeridas por nuestra ley - 6. Efectos jurídicos de la quiebra - 7. Efectos de la quiebra con relación al patrimonio del deudor - 8. Efectos de la quiebra con relación a los acreedores en general - 9. Reinvindicación en la quiebra - 10. Administración y liquidación de la quiebra - 11. Liquidación colectiva de las sociedades
590 ## - LOCAL NOTE (RLIN)
Local note niveau_biblio:m niveau_hierar:0
942 ## - ADDED ENTRY ELEMENTS (KOHA)
Koha item type
Existencias
Withdrawn status Lost status Damaged status Not for loan Home library Current library Shelving location Date acquired Total checkouts Full call number Barcode Date last seen Price effective from Koha item type
        Biblioteca Prof. Eusebio Cleto del Rey Biblioteca Prof. Eusebio Cleto del Rey   07/04/2026   347.736 V288 L23067 07/04/2026 07/04/2026 Libro